000 00418nam a2200145Ia 4500
008 231217s9999 xx 000 0 und d
041 _aEnglish
082 _a001.64076 MEH
100 _aMehta, Subhash Jaiswal S Chopra, Ravi
245 0 _aMCA Master in computer applications: Que tion bank, a comprehensive guide to MCA.
250 _a4th ed.
260 _c1997
_bGalgotia
300 _avix+Phy.27
942 _cAA
999 _c164510
_d164510